MARC details
| 000 -CABECERA |
| campo de control de longitud fija |
02683nam a2200361 a 4500 |
| 001 - NÚMERO DE CONTROL |
| campo de control |
000113124 |
| 003 - IDENTIFICADOR DEL NÚMERO DE CONTROL |
| campo de control |
CHAP |
| 005 - FECHA Y HORA DE LA ÚLTIMA TRANSACCIÓN |
| campo de control |
20260303121707.0 |
| 008 - DATOS DE LONGITUD FIJA--INFORMACIÓN GENERAL |
| campo de control de longitud fija |
170426s2016 mx a fsm |||||||spa d |
| 040 ## - FUENTE DE LA CATALOGACIÓN |
| Centro/agencia transcriptor |
CHAP |
| 090 ## - LOCALMENTE ASIGNADO TIPO-LC NÚMERO DE CLASIFICACIÓN (OCLC); NÚMERO DE CLASIFICACIÓN LOCAL (RLIN) |
| Número de clasificación (OCLC) (R) ; Numero de clasificación, CALL (RLIN) (NR) |
Tesis |
| 100 1# - ENTRADA PRINCIPAL--NOMBRE DE PERSONA |
| Nombre de persona |
Juárez Vázquez, Sandra Berenice |
| 9 (RLIN) |
62502 |
| 245 10 - MENCIÓN DE TÍTULO |
| Título |
Manejo de la antracnosis (Colletotrichum fructicola) con extractos orgánicos en frutos de aguacate Hass en poscosecha / |
| Mención de responsabilidad, etc. |
por Sandra Berenice Juárez Vázquez. |
| 264 ## - PRODUCCIÓN, PUBLICACIÓN, DISTRIBUCIÓN, FABRICACIÓN Y COPYRIGHT |
| Producción, publicación, distribución, fabricación y copyright |
Chapingo, Méx. : |
| Nombre del de productor, editor, distribuidor, fabricante |
El autor, |
| Fecha de producción, publicación, distribución, fabricación o copyright |
2016. |
| 300 ## - DESCRIPCIÓN FÍSICA |
| Extensión |
1 recurso en línea (120 páginas). |
| 336 ## - TIPO DE CONTENIDO |
| Fuente |
rdacontent |
| Término de tipo de contenido |
texto |
| Código de tipo de contenido |
txt |
| 337 ## - TIPO DE MEDIO |
| Fuente |
rdamedia |
| Nombre/término del tipo de medio |
computadora |
| Código del tipo de medio |
c |
| 338 ## - TIPO DE SOPORTE |
| Fuente |
rdacarrier |
| Nombre/término del tipo de soporte |
recurso en línea |
| Código del tipo de soporte |
cr |
| 502 ## - NOTA DE TESIS |
| Tipo de título |
Maestría en Ciencias en Protección Vegetal |
| Nombre de la institución que otorga el título |
Departamento de Enseñanza, Investigación y Servicio en Parasitología Agrícola, |
| Año de obtención del título |
2016. |
| 520 ## - SUMARIO, ETC. |
| Sumario, etc. |
Los metabolitos secundarios (MS) sirven como mecanismos de defensa de las plantas y han demostrado tener un efecto antimicrobiano. El objetivo del presente trabajo fue evaluar extractos metanólicos y hexánicos de cinco especies de plantas, sobre el control de antracnosis en condiciones in vitro e in vivo en frutos de aguacate Hass. La identificación del patógeno se realizó morfológica y molecularmente; los extractos se obtuvieron mediante un equipo Soxhlet. Las especies de plantas evaluadas fueron: Prosopis laevigata, Sapindus saponaria, Phytolacca icosandra, Salvia leucantha y Cestrum dumetorum y se emplearon dos métodos de evaluación in vitro; i) método de difusión de discos y ii) método de envenenamiento del medio, para confirmar la actividad fungicida de P. laevigata. Se realizó el análisis fitoquímico cualitativo de las cinco especies. El análisis estadístico consistió en análisis de varianza y comparación de medias por el método de Tukey (P=0.05). Los resultados mostraron que C. fructicola fue causante de la antracnosis en frutos de aguacate provenientes de Molango de Escamilla, Hidalgo. El extracto metanólico de P. laevigata fue el que presentó mayor efecto inhibitorio contra C. fructicola, tanto in vitro (65.24 %) como in vivo debido a la presencia simultánea de lavonoides, terpenoides y alcaloides, encontrados en el análisis fitoquímico. |
| 650 14 - PUNTO DE ACCESO ADICIONAL DE MATERIA--TÉRMINO DE MATERIA |
| Término de materia o nombre geográfico como elemento de entrada |
Aguacate |
| Subdivisión general |
Enfermedades por hongos. |
| 9 (RLIN) |
2511 |
| 650 14 - PUNTO DE ACCESO ADICIONAL DE MATERIA--TÉRMINO DE MATERIA |
| Término de materia o nombre geográfico como elemento de entrada |
Antracnosis del aguacate |
| 9 (RLIN) |
6118 |
| 650 14 - PUNTO DE ACCESO ADICIONAL DE MATERIA--TÉRMINO DE MATERIA |
| Término de materia o nombre geográfico como elemento de entrada |
Colletotrichum fruticola |
| Subdivisión general |
Control. |
| 9 (RLIN) |
132034 |
| 650 14 - PUNTO DE ACCESO ADICIONAL DE MATERIA--TÉRMINO DE MATERIA |
| Término de materia o nombre geográfico como elemento de entrada |
Extractos vegetales como fungicida. |
| 9 (RLIN) |
129639 |
| 856 ## - LOCALIZACIÓN Y ACCESO ELECTRÓNICOS |
| Identificador Uniforme del Recurso |
http://10.13.5.2/tesis/sist113124.pdf |
| Nota pública |
DESCARGAR PDF |
| 942 ## - ELEMENTOS DE PUNTO DE ACCESO ADICIONAL (KOHA) |
| Fuente del sistema de clasificación o colocación |
Clasificación Universidad Autónoma Chapingo |
| Tipo de ítem Koha |
Tesis digital |
| 590 ## - NOTA LOCAL (RLIN) |
| Nota local |
BATCH-UPD |
| Procedencia (VM) [OBSOLETO] |
05 |
| Condición del los carretes individuales (VM) [OBSOLETO] |
20170426 |
| 590 ## - NOTA LOCAL (RLIN) |
| Nota local |
E8697GMM |
| Procedencia (VM) [OBSOLETO] |
05 |
| Condición del los carretes individuales (VM) [OBSOLETO] |
20170426 |
| 590 ## - NOTA LOCAL (RLIN) |
| Nota local |
E8697GMM |
| Procedencia (VM) [OBSOLETO] |
05 |
| Condición del los carretes individuales (VM) [OBSOLETO] |
20170426 |
| 901 ## - ELEMENTOS DE DATOS A LOCAL LDA (RLIN) |
| a |
BK |